000 01411nam a22003977a 4500
003 CHAP
005 20220329141641.0
008 971013s1980 r 00010 d
010 _a71668
011 _a72640
035 _a82196
040 _cCHAP
090 _aTesis
100 0 0 _aCampos Escudero, Albino E.
_918100
245 _aEfecto de la fertilización y densidades de población en el rendimiento de la asociación maíz-frijol en los Altos de Jalisco
260 _aChapingo, Méx. :
_bEl autor,
_c1980
300 _a144 h.
_b: gráfs. mapas
502 _aTesis (Ing. Agr. Esp. en Fitotecnia) -- UACH. Departamento de Fitotecnia
590 _aALEPH
_b10
_c20130110
_lUCH01
_h1412
590 _aBATCH-UPD
_b10
_c20130110
_lUCH01
_h0249
590 _aBATCH-UPD
_b10
_c20130110
_lUCH01
_h1203
590 _aBATCH-UPD
_b10
_c20130409
_lUCH01
_h2319
590 _aBATCH-UPD
_b10
_c20130914
_lUCH01
_h0831
590 _aCONVERSION
_b10
_c20130109
_lUCH01
_h1339
650 1 4 _aCultivos asociados.
_930370
650 1 4 _aFertilizantes
_xEfecto en frijol.
_940511
650 1 4 _aFertilizantes
_xEfecto en maíz.
_940527
650 1 4 _aFrijol
_xEspaciamiento.
_943373
650 1 4 _aFrijol
_xRendimiento.
_943429
650 1 4 _aMaíz
_xEspaciamiento.
_970946
650 1 4 _aMaíz
_xRendimiento.
_971051
650 1 4 _aMaíz
_zJalisco.
_971096
901 _aBK
942 _cTESIS
949 _bBC
_cTES
_d-36103
_eTS1
_i82196
_si
999 _c71668
_d71668